| 000 | 01583cam a2200385 a 4500 | ||
|---|---|---|---|
| 001 | EDZ0000077622 | ||
| 003 | StDuBDS | ||
| 005 | 20161031105200.0 | ||
| 006 | m||||||||d|||||||| | ||
| 007 | cr ||||||||||| | ||
| 008 | 120418s2008 enka fo| 001|0|eng|d | ||
| 020 |
_a9781446216033 (ebook) : _cNo price |
||
| 040 |
_aStDuBDS _beng _cStDuBDS _epn |
||
| 049 | _aAlfaisal Main Library | ||
| 050 | 4 | _aLC4801.5 | |
| 082 | 0 | 4 |
_a371.93 _223 |
| 100 | 1 |
_aLong, Rob, _d1949- |
|
| 245 | 1 | 0 |
_aRob Long's intervention toolbox _h[electronic resource]. : _bfor social, emotional and behavioural difficulties / _cRob Long. |
| 246 | 3 | 0 | _aIntervention toolbox |
| 260 |
_aLondon : _bSAGE, _cc2008. |
||
| 300 |
_a1 online resource (x, 110 p.) : _bill. |
||
| 520 | 8 | _a'Rob Long's Intervention Toolbox' is written for school practitioners who find themselves supporting children and young people who have problem behaviours that act as barriers to their successful engagement with school. | |
| 521 | _aSpecialized. | ||
| 588 | _aDescription based on print version record. | ||
| 504 | _aIncludes bibliographical references and index. | ||
| 650 | 0 |
_aProblem children _xBehavior modification. |
|
| 650 | 0 |
_aProblem youth _xBehavior modification. |
|
| 650 | 0 | _aBehavior disorders in children. | |
| 650 | 0 | _aBehavior disorders in adolescence. | |
| 655 | 7 |
_aElectronic books. _2local |
|
| 710 | 2 | _aSage eBooks | |
| 776 | 0 | 8 |
_iPrint version : _z9781412946056 |
| 856 | 4 | 0 | _uhttp://ezproxy.alfaisal.edu/login?url=http://sk.sagepub.com/books/rob-longs-intervention-toolbox |
| 942 |
_2lcc _cEBOOKS |
||
| 999 |
_c481134 _d481134 |
||